000 00390 a2200157 4500
001 63901
020 _a8520005306 (broch.)
040 _cAnchieta - Pituba
100 _aCastro, Josué de
240 1 0 _aGeografia da fome
_lpor
245 1 0 _aGeografia da fome
300 _a318p.
362 0 _a2007
650 4 _aAspectos sociais da fome ( incidência, controle, ações)
942 _cBK
999 _c63901
_d63901